MARC details
| 000 -LEADER |
| fixed length control field |
01023nam a2200277#a 4500 |
| 001 - CONTROL NUMBER |
| control field |
01124 |
| 003 - CONTROL NUMBER IDENTIFIER |
| control field |
HDC |
| 007 - PHYSICAL DESCRIPTION FIXED FIELD--GENERAL INFORMATION |
| fixed length control field |
ta |
| 008 - FIXED-LENGTH DATA ELEMENTS--GENERAL INFORMATION |
| fixed length control field |
230623s2009 xx 000 0 eng d |
| 040 ## - CATALOGING SOURCE |
| Original cataloging agency |
HDC |
| 050 ## - LIBRARY OF CONGRESS CALL NUMBER |
| Classification number |
HD 58 |
| Item number |
.H35 2009 |
| 110 ## - MAIN ENTRY--CORPORATE NAME |
| Corporate name or jurisdiction name as entry element |
Halal Industry Development Corporation |
| 245 #0 - TITLE STATEMENT |
| Title |
HDC designated Halal Parks development guidelines / |
| Statement of responsibility, etc. |
Halal Industry Development Corporation |
| 264 ## - PRODUCTION, PUBLICATION, DISTRIBUTION, MANUFACTURE, AND COPYRIGHT NOTICE |
| Place of production, publication, distribution, manufacture |
Selangor : |
| Name of producer, publisher, distributor, manufacturer |
Halal Industry development Corportaion, |
| Date of production, publication, distribution, manufacture, or copyright notice |
c2009. |
| 300 ## - PHYSICAL DESCRIPTION |
| Extent |
77p. ; |
| Other physical details |
ill. ; |
| Dimensions |
29cm |
| 650 ## - SUBJECT ADDED ENTRY--TOPICAL TERM |
| Topical term or geographic name entry element |
Business relocation |
| Form subdivision |
Handbooks, manuals, etc. |
| 650 ## - SUBJECT ADDED ENTRY--TOPICAL TERM |
| Topical term or geographic name entry element |
Industrial location |
| Form subdivision |
Handbooks, manuals, etc. |
| 650 ## - SUBJECT ADDED ENTRY--TOPICAL TERM |
| Topical term or geographic name entry element |
Industrial sites |
| Form subdivision |
Handbooks, manuals, etc. |
| 650 ## - SUBJECT ADDED ENTRY--TOPICAL TERM |
| Topical term or geographic name entry element |
International business enterprises |
| General subdivision |
Location |
| Form subdivision |
Handbooks, manuals, etc. |
| 700 ## - ADDED ENTRY--PERSONAL NAME |
| Personal name |
International business enterprises |
| International Standard Serial Number |
Location |
| -- |
Handbooks, manuals, etc. |
| 700 ## - ADDED ENTRY--PERSONAL NAME |
| Personal name |
International business enterprises |
| International Standard Serial Number |
Location |
| -- |
Handbooks, manuals, etc. |
| 942 ## - ADDED ENTRY ELEMENTS (KOHA) |
| Source of classification or shelving scheme |
Library of Congress Classification |
| 942 ## - ADDED ENTRY ELEMENTS (KOHA) |
| Koha item type |
Book |
| 942 ## - ADDED ENTRY ELEMENTS (KOHA) |
| Call number prefix |
HD 58 |
| 942 ## - ADDED ENTRY ELEMENTS (KOHA) |
| Call number suffix |
.H35 2009 |